Estatísticas para Clubes brasileiros campeões e vice-campeões da Sul-Americana

Clique aqui para jogar o quiz

Estatísticas Gerais

  • Esse quiz foi jogado 126 vezes
  • A pontuação média é 7 de 8

Estatísticas das Respostas

CampeãoViceClube% Correto
2012São Paulo
98%
2018Athlético Paranaense
97%
2008Internacional
97%
2016Chapecoense
89%
2017Flamengo
88%
2009Fluminense
87%
2010Goiás
79%
2013Ponte Preta
76%

Distribuição das Pontuações

Percentil de Números Respondidos

Porcentagem de Pessoas com Cada Pontuação

Sua Pontuação Histórica

Você não jogou esse quiz